000 00754nam a2200229 a 4500
001 70690
003 BD-RjUL
005 20211209082029.0
008 170419m19561952nyua|||| |||| 001 0 eng d
035 _a(BD-RjUL)70904
040 _aBD-RjUL
_beng
_cBD-RjUL
_dBD-RjUL
041 _aeng
082 _223
_a547
_bCOC 1956
100 _aConant, James Bryant
_9133296
245 _aThe chemistry of organic compounds :
_ba year's course in organic chemistry /
_cJames Bryant Conant; Albert Harold Blatt
260 _aNew York :
_bThe Macmillan Company,
_c1952 [Printing 1956].
300 _avii, 655 p. :
_bill. ;
_c24 cm.
500 _aIncludes Index.
650 _aChemistry, Organic
_9209231
700 _aBlatt, Albert Harold
_9209232
942 _2ddc
_cBK
999 _c70690
_d70690